|
|
|
|
| LEADER |
00000nam0a2200000 4500 |
| 001 |
174828 |
| 005 |
20231031164924.0 |
| 035 |
|
|
|a (RuTPU)RU\TPU\book\189576
|
| 090 |
|
|
|a 174828
|
| 100 |
|
|
|a 20100204d1968 k y0rusy50 ca
|
| 101 |
0 |
|
|a rus
|
| 102 |
|
|
|a RU
|
| 105 |
|
|
|a a z 001zy
|
| 200 |
1 |
|
|a Производство санитарно-технических работ
|f И. Г. Староверов
|
| 210 |
|
|
|a Москва
|c Изд-во литературы по строительству
|d 1968
|
| 215 |
|
|
|a 495 с.
|c ил.
|
| 320 |
|
|
|a Библиогр.: с. 490.
|
| 610 |
1 |
|
|a санитарно-технические работы
|
| 610 |
1 |
|
|a производство
|
| 610 |
1 |
|
|a строительство
|
| 610 |
1 |
|
|a основные направления
|
| 610 |
1 |
|
|a проекты
|
| 610 |
1 |
|
|a подготовка
|
| 610 |
1 |
|
|a трубы
|
| 610 |
1 |
|
|a сборка
|
| 610 |
1 |
|
|a пластмассовые материалы
|
| 610 |
1 |
|
|a воздуховоды
|
| 610 |
1 |
|
|a погрузочно-разгрузочные работы
|
| 610 |
1 |
|
|a системы отопления
|
| 610 |
1 |
|
|a водопроводные сети
|
| 610 |
1 |
|
|a канализационные сети
|
| 610 |
1 |
|
|a водоснабжение
|
| 610 |
1 |
|
|a водостоки
|
| 610 |
1 |
|
|a санитарные приборы
|
| 610 |
1 |
|
|a газопроводы
|
| 610 |
1 |
|
|a тепловые сети
|
| 610 |
1 |
|
|a паровые котлы
|
| 610 |
1 |
|
|a вентиляционные установки
|
| 610 |
1 |
|
|a монтажные работы
|
| 610 |
1 |
|
|a испытания
|
| 610 |
1 |
|
|a техника безопасности
|
| 675 |
|
|
|a 628
|v 3
|
| 700 |
|
1 |
|a Староверов
|b И. Г.
|g Иван Григорьевич
|
| 801 |
|
1 |
|a RU
|b 63413507
|c 20100204
|
| 801 |
|
2 |
|a RU
|b 63413507
|c 20110203
|g RCR
|
| 942 |
|
|
|c BK
|